| 000 | 00688cam a22002051 4500 | ||
|---|---|---|---|
| 005 | 20131011044617.0 | ||
| 008 | 830809s1972 xx 000 0 ger | ||
| 020 | _a3540056548 | ||
| 041 | 1 | _ager | |
| 080 | _a164 | ||
| 100 | 1 | _aKreisel, Georg. | |
| 245 | 1 | 0 |
_aModelltheorie ; _c[von] G. Kreisel [und] J.-L. Krivine. Aus dem Französischen übers von J. Jung. |
| 260 |
_aBerlin, _bSpringer, _c1972. |
||
| 300 |
_avii, 274 p. _c26 cm. |
||
| 440 | 0 | _aHochschultext | |
| 500 | _aVorwort f. : [II] - [III] | ||
| 650 | 0 | _aModelet matematike | |
| 700 | 1 |
_aKrivine, J. L. _q(Jean Louis) _ejoint author. |
|
| 942 |
_2udc _cBK |
||
| 999 |
_c100 _d100 |
||